| 000 | 00479nam a2200169 a 4500 | ||
|---|---|---|---|
| 005 | 20240911063826.0 | ||
| 008 | 991125s1988 br 000 0 por u | ||
| 035 | _aUPN01000002119 | ||
| 049 | _aCG | ||
| 050 | 4 |
_aLC155 A44 _bA48 |
|
| 245 | 0 | 0 | _aAlternativas de alfabetización para a América Latina e o Caribe. |
| 260 |
_aBrasilia : _bINEP, _c1988. |
||
| 300 | _a325 p. | ||
| 440 | 0 |
_aEncontros e debates ; _v5 |
|
| 650 | 4 |
_aAnalfabetismo _zAmérica Latina _94903 |
|
| 905 | _aLibro | ||
| 999 |
_c2119 _d2119 |
||